LEADER 00879nam a2200229 a 4500 001 000000038414 003 CaOOAMICUS 005 20130723123755.0 008 980423s1935 it u000 u ita r 035 $a10791923 040 $aPUL(R)$bita 100 1 $aMartucci, Alberto.$0(OLS)http://pul/name/28680 245 10$aAppunti sugli elementi del reato /$cAlberto Martucci. 260 $aNapoli :$bE. Jovene,$c1935. 300 $a195 p. ;$c25 cm 504 $aBibliografia in nota. 650 4$aProcedura penale.$0(OLS)http://pul/subject/9185 850 $aPUL 852 $aPUL$W1$xDP2 Diritto e Scienze Sociali 1$y65$m178 F 44$j52344$nBK-PRI$qStampati$B52344$CPULBib$Z2$F52344 $H10781 $83 941 1 $a8 996 $6245$aAppunti sugli elementi del reato$9(OLS)http://pul/title/52177 996 $6260$aNapoli :$bE. Jovene$9(OLS)http://pul/publisher/48372 LEADER 01365nam a2200289 a 4500 001 000000129370 003 CaOOAMICUS 005 20120620134420.0 008 120620s2012 it o u000 u ita r 040 $aPUL$bita 082 04$a770 245 00$a1971-1980 :$bnuove linee di frattura. 246 33$aMilenovecentosettantuno-millenovecentottanta :$bnuove linee di frattura 260 $aFirenze :$bE-ducation.it S.p.a.,$c2012$aMilano :$bArnoldo Mondadori,$c2012. 300 $a190 p. :$bfoto. ;$c26 cm. 490 1 $aStoria e fotografia. Un secolo di immagini ;$v7 651 4$aItalia$xStoria$ySec. XX.$0(OLS)http://pul/subject/6333 830 0$aStoria e fotografia. Un secolo di immagini ;$v7.$0(OLS)http://pul/title/162441 850 $aPUL 852 $aPUL$W1$xDP2 Cons. Gen., Altre Classi 3$y97$m770 COLL 1.7$j149845$qDDC 21$B148372$CPULBib$Z2$F148372 $H119705 $82 941 1 $a9 996 $6082$a770$9(OLS)http://pul/classification/2244 996 $6246$aMilenovecentosettantuno-millenovecentottanta :$bnuove linee di frattura$9(OLS)http://pul/title/163472 996 $6245$a1971-1980 :$bnuove linee di frattura$9(OLS)http://pul/title/163471 996 $6260$aFirenze :$bE-ducation.it S.p.a.$9(OLS)http://pul/publisher/81559 996 $6260$aMilano :$bArnoldo Mondadori$9(OLS)http://pul/publisher/60431